Представление документа в формате MARC21

Поле Инд. ПП Название Значение
Тип записи a
Библиографический уровень m
001 Контрольный номер edbdbe448eef41f1bb0cc5d361b394af
005 Дата корректировки 20220124233701.7
008 Кодируемые данные 220124s1991 ru |||||||||||000|||rus|d
040 a Служба первич. каталог. ЦГБ г. В. Луки
b Код языка каталог. rus
041 0_ a Код языка текста rus
084 2 Источник индекса rubbk
a Индекс другой классификации/Индекс ББК 65.9(2)-1
090 x Авторский знак П 63
j Имя библиотеки ЦГБ г. В. Луки
097 b Оператор КЕИ-р
100 1_ a Автор Посунько Н. С.
245 10 a Заглавие Азбука рыночной экономики: вопросы и ответы
245 10 c Ответственность Н. С. Посунько, С. Б. Вальтер
260 a Место издания Москва
b Издательство Агропромиздат
c Дата издания 1991
300 a Объем 141, [2] с.
650 14 a Основная рубрика Рыночная экономика
653 1_ a Ключевые слова рыночная экономика
700 1# a Другие авторы Вальтер С. Б.
901 t Тип документа m